Регионална библиотека "Любен Каравелов" - Русе

Дневникът на един Дръндьо : От нищо нещо : Ч.14 (Запис номер 389532)

MARC детайли
000 -Лидер
Контролно поле с фиксирана дължина 01328nam a2200301 a 4500
003 - Код на организацията, давaща контролен номер
Контролно поле BLK
005 - Дата и час на последна редакция
Контролно поле 20250721171205.0
008 - Елементи от данни с фиксирана дължина
fixed length control field 180411b bul|||||r ||||||| ||bul||
010 ## - Наследен системен номер
LC control number KNG00198402000
020 ## - Международен стандартен номер на книга ISBN
Международен стандартен номер на книга ISBN 9786197560008
040 ## - Източник на каталожния запис
Идентификатор на билиотеката - собственик на записа BLK
041 ## - Код за език
Код за езика на текст/звукозапис или на отделно заглавие Български
Код за езика КДБФ Български
072 #7 - Код за тематичната категория
Код организация bullib
Код за тематична категория Н85
Текст Детска художествена литература Н
080 ## - УДК
Текстов определител УДК Американска литература (на САЩ)
УДК код - определител по УДК 821.111(73)
УДК определител -93-32
УДК - код + определител 821.111(73)-93-32
100 1# - Редна дума - Автор
Автор Кини, Джеф
Авторска отговорност първи автор
R(LIN) 309890
139 ## - Редно поле
Редна дума Кини, Джеф
Авторски знак Кин - К 54
245 10 - Сведения за заглавието
Заглавие Дневникът на един Дръндьо : От нищо нещо : Ч.14
Редно поле (дума) Джеф Кини ; прев. Михаил Балабанов.
257 ## - Страна на издаване
Страна на създаване/издаване Съединени американски щати
260 ## - Област на издателските данни
Име на издателя, разпространителя и проч. ДУО ДИЗАЙН
Година на издаване 2020
Място на издаване, разпространение и проч. София
Печатница ([София] : [Скала принт])
300 ## - Физическа характеристика
Страници 218 с.
Илюстрации и др. с ил.
Размери/Мащаб 21 см
380 ## - Жанр
Жанр Детска худож. лит.
500 ## - Общи забележки
Забележка Ориг. загл.: Diary of Wimpy kid: Wrecking ball / Jeff Kinney. - За автора: с. 218. - На гърба на кн. означено 14.<br/>
700 ## - Други автори (авторска отговорност)
Лично име Балабанов, Михаил Петров
Автороска отговорност (Описва отношението между автора и произведението) прев. от англ.
9 (RLIN) 1021
852 ## - Местоположение
Форматна сигнатура Цб 307075
Фондова буква Хранилище
856 ## - Електронен адрес и достъп
Инструкция (цена за достъп) 0.00
Права за достъп disable
999 ## - СИСТЕМНИ КОНТРОЛНИ НОМЕРА
Koha biblionumber 389532
Koha biblioitemnumber 389532
942 ## - АРТИКУЛИ
Вид на библиотечния материал Книги
Скрит в OPAC Не
Koha issues (borrowed), all copies 349
Периодичен библиозапис Да
944 ## - СЪЗДАВАНЕ И РЕДАКЦИЯ на ЗАПИСА
Служител, извършил регистрацията/редакцията 30564
Статус, дата на статуса Анна Гръцманова
Наличности
Код за отписване Код за изгубен артикул Източник на класификационната схема Код за повреда Коз за рестрикции Код за отдаване Артикулен № Име на библиотеката - собственик Име на библиотеката, в която се намира в момента Статус (Текущо местоположение) Дата на вписване в системата Местоположение - отдел Цена в лева Систематично азбучна сигнатура Баркод Цена в евро Служебен тип на артикула
  Не е изгубен Universal Decimal Classification Не е повреден без рестрикции заемане за дома 802213 Регионална библиотека "Любен Каравелов" Русе Регионална библиотека "Любен Каравелов" Русе Детски отдел 2020-10-01 Детски отдел 13.43 821-93/К 54 120000848295 6.87 Книги
  Не е изгубен Universal Decimal Classification Не е повреден без рестрикции заемане за дома 802214 Регионална библиотека "Любен Каравелов" Русе Регионална библиотека "Любен Каравелов" Русе Детски отдел 2020-10-01 Детски отдел 13.43 821-93/К 54 120000848294 6.87 Книги
  Не е изгубен Universal Decimal Classification Не е повреден без рестрикции заемане за дома 802215 Регионална библиотека "Любен Каравелов" Русе Регионална библиотека "Любен Каравелов" Русе Детски отдел 2020-10-01 Детски отдел 13.43 821-93/К 54 120000848293 6.87 Книги
  Не е изгубен Universal Decimal Classification Не е повреден без рестрикции заемане за дома 802216 Регионална библиотека "Любен Каравелов" Русе Регионална библиотека "Любен Каравелов" Русе Детски отдел 2020-10-01 Детски отдел 13.43 821-93/К 54 120000848296 6.87 Книги
  Не е изгубен Universal Decimal Classification Не е повреден без рестрикции заемане за дома 802217 Регионална библиотека "Любен Каравелов" Русе Регионална библиотека "Любен Каравелов" Русе Детски отдел 2020-10-01 Детски отдел 13.43 821-93/К 54 120000848292 6.87 Книги
  Не е изгубен Universal Decimal Classification Не е повреден само за читалня ползва се в читалня 815893 Регионална библиотека "Любен Каравелов" Русе Регионална библиотека "Любен Каравелов" Русе Хранилище 2021-03-10 Хранилище 17.90 Цб 307075 120000853136 9.15 Книги
  Не е изгубен Universal Decimal Classification Не е повреден без рестрикции заемане за дома 921924 Регионална библиотека "Любен Каравелов" Русе Регионална библиотека "Любен Каравелов" Русе Детски отдел 2023-01-18 Детски отдел 12.53 821-93/К 54 Д 120000881598 6.41 Книги
  Не е изгубен Universal Decimal Classification Не е повреден без рестрикции заемане за дома 921925 Регионална библиотека "Любен Каравелов" Русе Регионална библиотека "Любен Каравелов" Русе Детски отдел 2023-01-18 Детски отдел 12.53 821-93/К 54 Д 120000881597 6.41 Книги
Vip Innovations Ltd, Rousse, Bulgaria 2025